Технология электроалмазного затачивания режущих инструментов и методы её реализации: монография

Detalhes bibliográficos
Autor principal: Янюшкин А. С. Александр Сергеевич
Resumo:В монографии представлены результаты работы автора в области электроалмазного затачивания режущих инструментов. Показаны пути улучшения качества инструмента, повышения эффективности и технико-экономических показателей процесса электроалмазного затачивания. Раскрыта природа «засаливания» алмазных кругов на металлической связке, приведены условия работы алмазных кругов на металлической связке в режиме самозатачивания. Даны рекомендации для практического использования комбинированного электроалмазного затачивания режущих инструментов в производстве. Экспериментальные данные получены на атомно-молекулярном уровне с привлечением металлографического, спектрального, рентгеноструктурного и электронноскопического анализов. Книга предназначена для студентов технических направлений вузов, а также аспирантов, инженерно-технических работников инструментальной промышленности, проектных и научных организаций, машиностроительных заводов.
Idioma:russo
Publicado em: Старый Оскол, ТНТ, 2013
Assuntos:
Formato: Livro
KOHA link:https://koha.lib.tpu.ru/cgi-bin/koha/opac-detail.pl?biblionumber=242180

MARC

LEADER 00000nam0a2200000 4500
001 242180
005 20231101231856.0
010 |a 9785941783908 
035 |a (RuTPU)RU\TPU\book\263479 
090 |a 242180 
100 |a 20130828d2013 k y0rusy50 ca 
101 0 |a rus 
102 |a RU 
105 |a a z 001zy 
200 1 |a Технология электроалмазного затачивания режущих инструментов и методы её реализации  |e монография  |f А. С. Янюшкин 
210 |a Старый Оскол  |c ТНТ  |d 2013 
215 |a 335 с.  |c ил. 
320 |a Библиогр.: с. 312-335. 
330 |a В монографии представлены результаты работы автора в области электроалмазного затачивания режущих инструментов. Показаны пути улучшения качества инструмента, повышения эффективности и технико-экономических показателей процесса электроалмазного затачивания. Раскрыта природа «засаливания» алмазных кругов на металлической связке, приведены условия работы алмазных кругов на металлической связке в режиме самозатачивания. Даны рекомендации для практического использования комбинированного электроалмазного затачивания режущих инструментов в производстве. Экспериментальные данные получены на атомно-молекулярном уровне с привлечением металлографического, спектрального, рентгеноструктурного и электронноскопического анализов. Книга предназначена для студентов технических направлений вузов, а также аспирантов, инженерно-технических работников инструментальной промышленности, проектных и научных организаций, машиностроительных заводов. 
606 1 |a Режущие инструменты  |x Заточка и доводка, алмазная  |2 stltpush  |3 (RuTPU)RU\TPU\subj\24367  |9 48724 
610 1 |a металлообработка 
610 1 |a металлообрабатывающие инструменты 
610 1 |a затачивание 
610 1 |a алмазные круги 
610 1 |a качество 
610 1 |a самозатачивание 
610 1 |a засаливание 
610 1 |a поверхность 
610 1 |a электроалмазное затачивание 
610 1 |a монографии 
675 |a 621.9.02.002:621.923  |v 3 
700 1 |a Янюшкин  |b А. С.  |g Александр Сергеевич 
801 1 |a RU  |b 63413507  |c 20130828 
801 2 |a RU  |b 63413507  |c 20140312  |g RCR 
900 |a Режущий инструмент и инструментальное производство 
900 |a Резание материалов и режущий инструмент 
942 |c BK 
959 |a 114/20130822  |d 1  |e 400,00  |f ЧЗТЛ:1